000 00559nam a2200181Ia 4500
008 100917s9999 xx 000 0 und d
082 _b4459
100 _aअमरेन्द्र
245 _aप्रतिज्ञा यौगंधरायण
260 _b---
_c1956
300 _a28
365 _b0.4
520 _aबालविभाग
630 _aप्रतिज्ञा यौगंधरायण
650 _aबालविभाग
730 _aप्रतिज्ञा यौगंधरायण
942 _cBOOK
999 _c609853
_d609850